Jazz Organ - Piano cho mọi người

Uloženo v:
Podrobná bibliografie
Hlavní autor: Nguyễn, Bách
Další autoři: Huyền Trâm
Médium: Kniha
Jazyk:Vietnamese
Vydáno: Hà Nội Âm nhạc 2003
Témata:
Tagy: Přidat tag
Žádné tagy, Buďte první, kdo otaguje tento záznam!
Thư viện lưu trữ: Trung tâm Học liệu Lê Vũ Hùng, Trường Đại học Đồng Tháp
LEADER 00898pam a22003258a 4500
001 00037013
005 20171026081025.0
008 170414s2003 ||||||viesd
041 0 # |a vie 
082 1 4 |a 786.2  |b J100O 
100 1 # |a Nguyễn, Bách 
245 0 0 |a Jazz Organ - Piano cho mọi người  |c Nguyễn Bách; Huyền Trâm 
260 # # |a Hà Nội  |b Âm nhạc  |c 2003 
300 # # |a 106tr.  |c 27cm. 
653 # # |a Nghệ Thuật 
653 # # |a Jazz 
653 # # |a Nhạc cụ 
653 # # |a Âm nhạc 
653 # # |a Pianp 
653 # # |a Organ 
700 1 # |a Huyền Trâm 
852 # # |b Kho mượn  |j KM.0020826, KM.0020845 
852 # # |j KD.0019866  |j KM.0020845 
852 # # |b Kho đọc  |j KD.0019866 
910 |d 14/04/2017 
980 # # |a Trung tâm Học liệu Lê Vũ Hùng, Trường Đại học Đồng Tháp